ESSENTIAL ENDODONTOLOGY : PREVENTION AND TREATMENT OF APICAL PERIODONTITIS (Record no. 4135)
[ view plain ]
| 000 -LEADER | |
|---|---|
| fixed length control field | 00434nam a2200145Ia 4500 |
| 008 - FIXED-LENGTH DATA ELEMENTS--GENERAL INFORMATION | |
| fixed length control field | 150201s2008 xx 000 0 und d |
| 082 ## - DEWEY DECIMAL CLASSIFICATION NUMBER | |
| Classification number | 617.6 |
| Item number | E2008Q |
| 100 ## - MAIN ENTRY--PERSONAL NAME | |
| Personal name | QRSTAVIK DOG |
| 245 ## - TITLE STATEMENT | |
| Title | ESSENTIAL ENDODONTOLOGY : PREVENTION AND TREATMENT OF APICAL PERIODONTITIS |
| 250 ## - EDITION STATEMENT | |
| Edition statement | 2ND |
| 260 ## - PUBLICATION, DISTRIBUTION, ETC. (IMPRINT) | |
| Name of publisher, distributor, etc. | BLACKWELL SCIENCE PUB. |
| Place of publication, distribution, etc. | OXFORD (U.K) |
| Date of publication, distribution, etc. | 2008 |
| 300 ## - PHYSICAL DESCRIPTION | |
| Extent | 1-478 |
| 650 ## - SUBJECT ADDED ENTRY--TOPICAL TERM | |
| Topical term or geographic name as entry element | CONSERVATIVE DENTISTRY & ENDODONTICS |
| 942 ## - ADDED ENTRY ELEMENTS (KOHA) | |
| Source of classification or shelving scheme | Dewey Decimal Classification |
| Koha item type | Books |
| Withdrawn status | Lost status | Source of classification or shelving scheme | Damaged status | Not for loan | Home library | Current library | Date acquired | Source of acquisition | Cost, normal purchase price | Serial Enumeration / chronology | SGTU | Bill Number | Total Checkouts | Full call number | Barcode | Date last seen | Bill Date | Koha item type |
|---|---|---|---|---|---|---|---|---|---|---|---|---|---|---|---|---|---|---|
| Dewey Decimal Classification | SGT Dental Library | SGT Dental Library | 25/11/2008 | U.B.S.DELHI | 9285.00 | 1 | SGTU | 683 | 617.6 E2008Q | FD5556 | 19/01/2019 | 12/02/2013 | Books |